000 00547cam a22001577a 4500
008 180718b1997 xxu||||| |||| 00| 0 eng d
082 _aAPPPA 96-97 COW/5
100 _aCowshish, Amit
245 _aCurrent trends in law on departmental enquiries: an analysis of judicial pronouncements
_cby Amit Cowshish
260 _aNew Delhi
_bIndian Institute of Public Administration
_c1997
300 _a114p.
500 _aAn APPPA M.Phil dissertation, 1996-97
650 _aAPPPA
650 _aJudicial process - India
650 _aLaw and fact - India
999 _c482113
_d482113